=LDR 00000nam 2200000 4500 =001 INLIS000000000038657 =005 20130612144324 =008 ***********************************Ind** =035 ##$$0010-061300000038657 =041 ##$$a Ind =082 ##$$a 641.5 =090 ##$$a 641.5, Che u =100 ##$$a Chendhawati =245 ##$$a Usaha boga resep ny. Liem masakan ayam populer, Chendhawati; Penyunting, Yudho Asmoro =260 ##$$a 2009 $b Jakarta =300 ##$$a 54 hlm, Ilus, 24 cm =650 ##$$a Masakan Resep =700 ##$$a Asmoro, Yudho =850 ##$$a NBPNMAT =990 ##$$a 21400613/BPAP-NTB/20142014 =990 ##$$a 0001/BPAP-NTB/2016